000 01725nam2a22003131 4500
001 v19\rc\1523772
005 20260407064713.0
035 _a(NLR Aleph) 005212010
090 _a5418349
_c5418349
100 _a20060620d1887 |||y0rusy50 ca
101 0 _arus
102 _aRU
105 _aa z |||||
200 1 _aОт вооружения конницы огнестрельным оружием до Фридриха Великого
_h[Отд. 1
_iОт вооружения конницы огнестрельным оружием до Густава Адольфа]
210 _d1887
_aБ. м.
215 _a[4], 158 с., 30 л. ил.
461 0 _1001v19\rc\1523769
_12001#$aИстория конницы$fСост. полк. Марков, командир 1 Лейб-драгунского Московского... полка. Ч. 1-5$vЧ. 3
_92416616
_aМарков, М.И. (1843-1899)
_cТверь
_d1886-1896
_fСост. полк. Марков, командир 1 Лейб-драгунского Московского... полка. Ч. 1-5
_nтипо-лит. Ф.С. Муравьева
_p9 т.
_tИстория конницы
_vЧ. 3
702 0 _4570
_7ca
_8rus
_aГустав
_cкороль шведский
_dII Адольф
_f1594-1632
_9234550
_3RU\NLR\AUTH\770234606
702 0 _4570
_8rus
_7ca
_aФридрих
_cкороль прусский
_dII Великий
_f1712-1786
_3RU\NLR\AUTH\7715139
_9124799
801 2 _aRU
_bNLR
_c20070627
_2rusmarc
801 0 _aRU
_bNLR
_c20060620
_gpsbo
801 0 _aRU
_bRuMoRGB
_c20060620
_2psbo
801 1 _aRU
_bProSoft-M
_c20060620
_2rusmarc
852 _aNLR
_j134/530
852 _aNLR
_bМф
_jК1/22060
852 _aNLR
_j18.215.1.26
942 _cBOOK
980 _aNB